Statistics for Oscar Best Pictures by Longest Word

Click here to take the quiz!

General Stats

  • This quiz has been taken 281 times
  • The average score is 54 of 88

Answer Stats

YearInitialsBest Picture% Correct
20141YAS12 Years a Slave
92%
1947TBYOOLThe Best Years of Our Lives
92%
2004TLOTRTROTKThe Lord of the Rings: The Return of the King
86%
1998TTitanic
84%
1995FGForrest Gump
81%
2008NCFOMNo Country for Old Men
77%
1992TSOTLThe Silence of the Lambs
77%
1940GWTWGone with the Wind
76%
2005MDBMillion Dollar Baby
74%
2000ABAmerican Beauty
73%
1952AAIPAn American in Paris
73%
1950ATKMAll the King's Men
72%
2001GGladiator
72%
1980KVKKramer vs. Kramer
72%
1976OFOTCNOne Flew Over the Cuckoo's Nest
72%
1973TGThe Godfather
72%
1975TGPIThe Godfather Part II
72%
2011TKSThe King's Speech
72%
2002ABMA Beautiful Mind
68%
2003CChicago
68%
2016SSpotlight
68%
2012TAThe Artist
68%
2010THLThe Hurt Locker
68%
2007TDThe Departed
67%
1985AAmadeus
66%
2013AArgo
66%
2006CCrash
66%
1999SILShakespeare in Love
66%
2009SMSlumdog Millionaire
66%
1966TSOMThe Sound of Music
66%
1944CCasablanca
65%
1986OOAOut of Africa
65%
1962WSSWest Side Story
65%
2015BBirdman
64%
1997TEPThe English Patient
64%
1968ITHOTNIn the Heat of the Night
63%
1994SLSchindler's List
63%
1955OTWOn the Waterfront
62%
1971PPatton
62%
1931AQOTWFAll Quiet on the Western Front
61%
1990DMDDriving Miss Daisy
61%
1983GGandhi
61%
1977RRocky
61%
1993UUnforgiven
61%
1991DWWDances with Wolves
60%
1987PPlatoon
60%
1989RMRain Man
60%
1996BBraveheart
59%
1958TBOTRKThe Bridge on the River Kwai
59%
1988TLEThe Last Emperor
59%
1982COFChariots of Fire
58%
1965MFLMy Fair Lady
58%
1942HGWMVHow Green Was My Valley
57%
1979TDHThe Deer Hunter
57%
1929WWings
57%
1939YCTIWYYou Can't Take It with You
57%
1959GGigi
56%
1981OPOrdinary People
56%
1984TOETerms of Endearment
56%
1972TFCThe French Connection
56%
1974TSThe Sting
56%
1978AHAnnie Hall
55%
1963LOALawrence of Arabia
55%
1951AAEAll About Eve
54%
1960BBen-Hur
54%
1969OOliver!
54%
1941RRebecca
54%
1954FHTEFrom Here to Eternity
53%
1967AMFASA Man for All Seasons
52%
1949HHamlet
52%
1956MMarty
52%
1961TAThe Apartment
52%
1953TGSOEThe Greatest Show on Earth
52%
1935IHONIt Happened One Night
50%
1970MCMidnight Cowboy
50%
1943MMMrs. Miniver
50%
1936MOTBMutiny on the Bounty
50%
1937TGZThe Great Ziegfeld
50%
1938TLOEZThe Life of Emile Zola
50%
1964TJTom Jones
48%
1945GMWGoing My Way
47%
1957ATWIEDAround the World in Eighty Days
46%
1932CCimarron
46%
1933GHGrand Hotel
46%
1946TLWThe Lost Weekend
46%
1934CCavalcade
43%
1948GAGentleman's Agreement
41%
1930TBMThe Broadway Melody
41%

Score Distribution

Percentile by Number Answered

Percent of People with Each Score

Your Score History

You have not taken this quiz